书目信息 |
| 题名: |
朱子的学术交流方法论自觉
|
|
| 作者: | 朱叶楠, 著 | |
| 分册: | ||
| 出版信息: | 上海 上海社会科学院出版社 2022.09 |
|
| 页数: | 270页 | |
| 开本: | 24cm | |
| 丛书名: | ||
| 单 册: | ||
| 中图分类: | B244.75 | |
| 科图分类: | ||
| 主题词: | 学术交流--xue shu jiao liu--研究--中国--南宋时代 | |
| 电子资源: | ||
| ISBN: | 978-7-5520-3923-8 | |
| 000 | 01230nam0 2200289 450 | |
| 001 | CAL 012022026494 | |
| 005 | 20230217093113.0 | |
| 010 | @a978-7-5520-3923-8@dCNY78.00 | |
| 100 | @a20220929d2022 em y0chiy0120 ea | |
| 101 | 0 | @achi |
| 102 | @aCN@b310000 | |
| 105 | @ay a 000yy | |
| 106 | @ar | |
| 200 | 1 | @a朱子的学术交流方法论自觉@Azhu zi de xue shu jiao liu fang fa lun zi jue@e基于朱子书信的考察@f朱叶楠著 |
| 210 | @a上海@c上海社会科学院出版社@d2022.09 | |
| 215 | @a270页@d24cm | |
| 314 | @a朱叶楠, 男, 汉族, 1984年生, 山东肥城人, 2015年毕业于北京师范大学哲学学院中国哲学专业。 | |
| 320 | @a有书目 | |
| 330 | @a本书通过梳理这些以往“边缘化”的内容, 展现朱嘉对学术交流方法论的自觉探索, 有助于推进学界对朱嘉学术风格和思想发展动力的研究。朱熹从理论和实践两个方面共同建构起了中国古代学术交流的基本范式, 对后世有很大影响, 对当代学术共同体的建设也有重要启示。 | |
| 517 | 1 | @a基于朱子书信的考察@Aji yu zhu zi shu xin de kao cha |
| 600 | 0 | @a朱熹,@Azhu xi@f1130-1200@x学术交流@x研究 |
| 606 | 0 | @a学术交流@Axue shu jiao liu@x研究@y中国@z南宋时代 |
| 690 | @aB244.75@v5 | |
| 701 | 0 | @a朱叶楠,@Azhu ye nan@f1984-@4著 |
| 801 | 0 | @aCN@bBJXHZP@c20230222 |
| 905 | @a可供@b1378760-3@dB244.75@e121@f4 | |
| 906 | @aRTYY | |
| 朱子的学术交流方法论自觉:基于朱子书信的考察/朱叶楠著.-上海:上海社会科学院出版社,2022.09 |
| 270页;24cm |
| ISBN 978-7-5520-3923-8:CNY78.00 |
| 本书通过梳理这些以往“边缘化”的内容, 展现朱嘉对学术交流方法论的自觉探索, 有助于推进学界对朱嘉学术风格和思想发展动力的研究。朱熹从理论和实践两个方面共同建构起了中国古代学术交流的基本范式, 对后世有很大影响, 对当代学术共同体的建设也有重要启示。 |
| ● |
| 相关链接 |
|
|
|
|
正题名:朱子的学术交流方法论自觉
索取号:B244.75/121
 
预约/预借
| 序号 | 登录号 | 条形码 | 馆藏地/架位号 | 状态 | 备注 |
| 1 | 1378760 | 213787605 | 第一样本阅览室/ [索取号:B244.75/121] | 在馆 | |
| 2 | 1378761 | 213787614 | 第一借阅区/ [索取号:B244.75/121] | 在馆 | |
| 3 | 1378762 | 213787623 | 第一借阅区/ [索取号:B244.75/121] | 在馆 | |
| 4 | 1378763 | 213787632 | 第一借阅区/ [索取号:B244.75/121] | 在馆 |